| 000 | 01394 a2200301 4500 | ||
|---|---|---|---|
| 003 | Nust | ||
| 005 | 20170207154020.0 | ||
| 010 | _a 2005275143 | ||
| 020 | _a0750662786 (pbk.) | ||
| 035 | _a(OCoLC)ocm56640167 | ||
| 040 | _cNust | ||
| 082 | 0 | 4 | _a621.3'192 |
| 100 | 1 | _aBrown, Mark. | |
| 245 | 1 | 0 |
_aPractical troubleshooting of electrical equipment and control circuits (E-Book) _cMark Brown, Jawahar Rawtani, Dinesh Patil. |
| 260 |
_aAmsterdam ; _aBoston : _bNewnes, _c2005. |
||
| 300 |
_avi, 238 p. : _bill. ; _c26 cm. |
||
| 440 | 0 | _aPractical professional books from Elsevier | |
| 500 | _aIncludes index. | ||
| 505 | _aBasic Principles (Page-1), Devices, Symbols and Circuits (Page-24), Basic Troubleshooting Principles (Page-42), Troubleshooting AC Motors and Starters (Page-68), Switches, Circuits Breakers and Switchboards (Page-112), Troubleshooting Variables Speed Drives (Page-121), Troubleshooting Control Circuits (Page-173), | ||
| 650 | 0 |
_aElectric machinery _xMaintenance and repair. |
|
| 650 | 0 |
_aElectrical engineering _xMaterials _xTesting. |
|
| 650 | 0 | _aTelecommunication engineering. | |
| 651 | _aE-Book | ||
| 700 | 1 | _aPatil, Dinesh. | |
| 700 | 1 | _aRawtani, Jawahar. | |
| 856 | 4 | 2 |
_3Publisher description _uhttp://www.loc.gov/catdir/enhancements/fy0626/2005275143-d.html |
| 856 | 4 | 2 |
_3Table of contents only _uhttp://www.loc.gov/catdir/enhancements/fy0626/2005275143-t.html |
| 942 |
_2ddc _cBK |
||
| 999 |
_c191646 _d191646 |
||